000
00328 a2200157 4500
001
61252
020
_a
8508088671
040
_c
Anchieta - Pituba
100
_a
Faria, Rita Brugin de
240
1
0
_a
Hello! 6
_l
Ing
245
1
0
_a
Hello! 6
300
_a
136
362
0
_a
2004
650
4
_a
Inglês e inglês antigo
942
_c
BK
999
_c
61252
_d
61252